000 01502nam0a2200361 4500
001 RU\NLR\BIBL_A\012667352
005 20260408233747.0
010 _a978-5-9988-1509-6
_9500
035 _a(NLR Aleph) 012667352
090 _a13555450
_c13555450
100 _a20211216d2020 k y0rusy50 ca
101 0 _arus
102 _aRU
105 _ay z 000yy
181 0 _ai
_baxxe
182 0 _an
200 1 _aГитлеризм и германский народ
_eмонография
_fЮ. М. Антонян
203 _aТекст
_bвизуальный
_cнепосредственный
210 _aМосква
_cПроспект, РГ-Пресс
_d2023
215 _a270, [1] с.
_cил., портр.
_d22
300 _aНа обороте тит.с. авт.: Антонян Ю. М., д-р юрид. наук, проф., засл. деятель науки РСФСР, проф.
320 _aБиблиогр. в подстроч. примеч.
606 1 _aСознание тоталитарное
_92332733
_3RU\NLR\AUTH\661394848
606 _aФашизм
_yГермания
_xСоциально-психологические исследования
_3RU\NLR\AUTH\6601767148
_92699572
686 1 _aТ3(4Г)63-72
686 1 _aС550.561
686 1 _aС550.65
700 1 _8rus
_7ca
_aАнтонян
_bЮ.М.
_f1933-
_gЮрий Миранович
_3RU\NLR\AUTH\771134
_9111166
942 _cUNSPEC
980 _aNBR
980 _aNB